00602nmm a2200181Ia 4500008004100000020001800041041000800059100001900067245011200086264005800198300001800256650003200274700001900306700002000325856005100345942000700396999001700403251105s9999||||xx |||||||||||||||||und|| a9789875916869 aspa aGardenia Vidal 0aEspacio público en Argentina a fines de S. XIX, primera mitad S. XX : partidos, catolicismo, sociabilidad a[Buenos Aires, Argentina] :bEditorial Brujas, c2016 a318 páginas aPolitical Science (General) aGardenia Vidal1 a Jessica Blanco uhttps://public.digitaliapublishing.com/a/41912 cCF c65977d65977